BUBT Library Online Catalog

Commercial law & industrial law (Record no. 98)

000 -LEADER
fixed length control field 00425nam a22001457a 4500
008 - FIXED-LENGTH DATA ELEMENTS--GENERAL INFORMATION
fixed length control field 140128b xxu||||| |||| 00| 0 eng d
100 ## - MAIN ENTRY--PERSONAL NAME
9 (RLIN) 115
Personal name Sen, Arun Kumar
245 ## - TITLE STATEMENT
Title Commercial law & industrial law
Statement of responsibility, etc. by Arun Kumar Sen & Jitendra Kumar Mitra.
250 ## - EDITION STATEMENT
Edition statement 22nd ed.
260 ## - PUBLICATION, DISTRIBUTION, ETC. (IMPRINT)
Place of publication, distribution, etc. Kolkata,
Name of publisher, distributor, etc. World Press,
Date of publication, distribution, etc. c2001.
300 ## - PHYSICAL DESCRIPTION
Extent 100p.
650 #0 - SUBJECT ADDED ENTRY--TOPICAL TERM
9 (RLIN) 117
Topical term or geographic name as entry element Business Law
700 ## - ADDED ENTRY--PERSONAL NAME
9 (RLIN) 116
Personal name Mitra, Jitendra Kumar
942 ## - ADDED ENTRY ELEMENTS (KOHA)
Source of classification or shelving scheme
Koha item type Books
Holdings
Withdrawn status Lost status Source of classification or shelving scheme Damaged status Not for loan Permanent location Current location Date acquired Inventory number Total Checkouts Date last seen Price effective from
          Bangladesh University of Business and Technology Library Bangladesh University of Business and Technology Library 01/30/2014 167   01/30/2014 01/30/2014
          Bangladesh University of Business and Technology Library Bangladesh University of Business and Technology Library 01/30/2014 168   01/30/2014 01/30/2014
          Bangladesh University of Business and Technology Library Bangladesh University of Business and Technology Library 01/30/2014 169   01/30/2014 01/30/2014
          Bangladesh University of Business and Technology Library Bangladesh University of Business and Technology Library 01/30/2014 170   01/30/2014 01/30/2014
          Bangladesh University of Business and Technology Library Bangladesh University of Business and Technology Library 01/30/2014 171   01/30/2014 01/30/2014

More Information About Library

Library Hours

  • Open: 9.00 am. to 9.00 pm.
  • Only Sunday: 9.00 am. to 6.00 pm.
  • Closed: Holiday

Contact to the University

Bangladesh University of Business and Technology Library

  • Mirpurl-2, 1216.
  • Phone:
  • Fax:
  • E-Mail: admin.library@bubt.edu.bd

Contact to the Library

Contact Person:

Md. Abdul Hakim Shah
Joint Librarian
PABX No:  113
Cell No: 01816332931
E-mail: official: admin.library@bubt.edu.bd
Personal: hakim.shah@bubt.edu.bd


BUBT Library

Copyright © 2021